书目信息 |
| 题名: |
中国古代造型艺术考察
|
|
| 作者: | 刘晓曦 著 | |
| 分册: | ||
| 出版信息: | 重庆 西南师范大学出版社 2013.08 |
|
| 页数: | 156页 | |
| 开本: | 29cm | |
| 丛书名: | ||
| 单 册: | ||
| 中图分类: | J120.92 | |
| 科图分类: | ||
| 主题词: | 艺术造型--研究--中国--古代 , 艺术造型 | |
| 电子资源: | ||
| ISBN: | 978-7-5621-6300-8 | |
| 000 | 01118nam0 2200289 450 | |
| 001 | 012013432882 | |
| 005 | 20140610110951.04 | |
| 010 | @a978-7-5621-6300-8@dCNY49.00 | |
| 100 | @a20131023d2013 em y0chiy0110 ea | |
| 101 | 0 | @achi |
| 102 | @aCN@b500000 | |
| 105 | @aac z 000yy | |
| 106 | @ar | |
| 200 | 1 | @a中国古代造型艺术考察@9zhong guo gu dai zao xing yi shu kao cha@f刘晓曦著 |
| 210 | @a重庆@c西南师范大学出版社@d2013.08 | |
| 215 | @a156页@c图,画像@d29cm | |
| 300 | @a国家级高校特色专业——四川美术学院绘画专业系列教材 | |
| 312 | @a封面英文题名:The ancient art of China | |
| 330 | @a本书对中华大地三个地域上遗址众多且具有高度艺术水准的巴蜀石窟,山西寺观古建、造像和甘肃河西走廊石窟群进行了细致地梳理和介绍,同时运用大量作者拍摄的图片来佐证独到的见解与分析,重新认识和评价这些作品在中国美术史上的价值和地位。 | |
| 333 | @a高校艺术相关专业师生 | |
| 510 | 1 | @aAncient art of China@zeng |
| 606 | 0 | @a艺术造型@x研究@y中国@z古代 |
| 606 | 0 | @a艺术造型 |
| 690 | @aJ120.92@v5 | |
| 701 | 0 | @a刘晓曦@9liu xiao xi@f(1971-)@4著 |
| 801 | 0 | @aCN@b人天书店@c20131023 |
| 905 | @b846384-86@dJ120.92@e106@f3 | |
| 中国古代造型艺术考察/刘晓曦著.-重庆:西南师范大学出版社,2013.08 |
| 156页:图,画像;29cm |
| 国家级高校特色专业——四川美术学院绘画专业系列教材.-使用对象:高校艺术相关专业师生 |
| ISBN 978-7-5621-6300-8:CNY49.00 |
| 本书对中华大地三个地域上遗址众多且具有高度艺术水准的巴蜀石窟,山西寺观古建、造像和甘肃河西走廊石窟群进行了细致地梳理和介绍,同时运用大量作者拍摄的图片来佐证独到的见解与分析,重新认识和评价这些作品在中国美术史上的价值和地位。 |
| ● |
| 相关链接 |
|
|
|
|
正题名:中国古代造型艺术考察
索取号:J120.92/106
 
预约/预借
| 序号 | 登录号 | 条形码 | 馆藏地/架位号 | 状态 | 备注 |
| 1 | 846384 | 208463848 | 第一样本阅览室/ [索取号:J120.92/106] | 在馆 | |
| 2 | 846385 | 208463857 | 第一借阅区/ [索取号:J120.92/106] | 在馆 | |
| 3 | 846386 | 208463866 | 第一借阅区/ [索取号:J120.92/106] | 在馆 |